000 00688nam a2200193Ia 4500
003 GCL
005 20240530105428.0
008 140319s9999 xx 000 0 ara d
040 _aGCL /
_cGCL
082 0 4 _a371.7
_bم خ
100 1 _aمحمد سلامة محمد غبارى
245 1 0 _aالخدمة الاجتماعية المدرسية /
_cمحمد سلامة محمد غبارى
260 _aالقاهرة :
_bالمكتب الجامعى الحديث ،
_c1989
300 _a232 ص ؛
_c24 سم
650 0 4 _aالخدمة الاجتماعية
650 0 4 _aالتربية والتعليم
650 0 4 _aالخدمة الاجتماعية المدرسية
942 _2ddc
_cBK
999 _c55961
_d55961